| 000 | 01614cam a22004694i 4500 | ||
|---|---|---|---|
| 003 | PE-LiUPU | ||
| 005 | 20250805115108.0 | ||
| 008 | 150623s1997 xxu rb 000 0 eng d | ||
| 020 | _a0385247672 | ||
| 035 | _a(Sirsi) i9780385247672 | ||
| 040 |
_aPE-LiUPU _bspa _cPE-LiUPU _erda |
||
| 049 | _aPRUA | ||
| 082 | 0 | 4 |
_a225.61 _bB879i _221 |
| 100 | 1 |
_aBrown, Raymond Edward, _eautor. |
|
| 245 | 1 | 3 |
_aAn introduction to the new testament / _cRaymond Edward Brown. |
| 264 | 1 |
_aBroadway, New York : _bDoubleday Bell Publishing, _c1997. |
|
| 300 |
_a878 páginas ; _c24 centímetros |
||
| 336 |
_atext _2rdacontent |
||
| 337 |
_aunmediated _2rdamedia |
||
| 338 |
_avolume _2rdacarrier |
||
| 490 | 0 | _aThe Anchor Bible Reference Library | |
| 504 | _aIncluye bibliografía. | ||
| 505 | 0 | _aPreliminaries for understanding the New testament -- The gospels and related works -- The pauline letters. -The other New testament writings. | |
| 526 | _aSEG42 | ||
| 526 | _aSEG41 | ||
| 526 | _aSEG40 | ||
| 526 | _aSEG39 | ||
| 526 | _aP94 | ||
| 526 | _aP87 | ||
| 526 | _aP86 | ||
| 526 | _aP85 | ||
| 526 | _aP77 | ||
| 526 | _aP76 | ||
| 526 | _aP35 | ||
| 630 | 1 | 4 |
_aBiblia. _pNuevo Testamento _xIntroducciones. _91606 |
| 630 | 2 | 4 |
_aBiblia. _pNuevo Testamento _xCrítica, interpretación, etc. _91242 |
| 630 | 2 | 4 |
_aBiblia. _pNuevo Testamento _xTeología. _96084 |
| 942 |
_2ddc _cBK |
||
| 949 |
_a225.61 B84 _wDEWEY _c1 _i48049 _lCCODEBUL1 _mBUL _r0 _sY _tBOOK _u2015-6-24 _xTEOLOGIA _0COMPRA _o.STAFF. Colección Teología |
||
| 980 |
_818226 _gJaime Vilcazán Jefe de Análisis Documental |
||
| 999 |
_c24686 _d24686 |
||